Football players who have played for Chelsea and Roma - Statistics

General Stats
  • This quiz has been taken 751 times
    324 since last reset
  • The average score is 5 of 11
Answer Stats
Years at Chelsea Years at Roma Player % Correct
2016-2021 2021-2026 Tammy Abraham
74%
2017-2022 2015-2016 (loan),2016-2017 Antonio Rüdiger
63%
2011-2014,2021-2024 2023-2024 (loan) Romelu Lukaku
63%
2014-2016 2015-2016 (loan),2016-2017 Mohamed Salah
61%
2006-2014 2014-2016 Ashley Cole
42%
2009-2011,2014-2017 2022-2023 Nemanja Matić
42%
2015-2020 2020-2021 Pedro Rodriguez
42%
2017-2021 2019-2020 (loan) Davide Zappacosta
37%
2018-2022 2015-2018 Emerson Palmieri
33%
2000-2001 (loan) 2001-2009 Christian Panucci
19%
2009-2011 2011-2012 (loan) Fabio Borini
12%
No matching quizzes found
Score Distribution
Percent of People with Each Score
Percentile by Number Answered
Your Score History
You have not taken this quiz since the last reset